000 01789cam a2200361 a 4500
005 20260322212059.0
008 data
010 _a 2010051263
016 7 _a015816872
_2Uk
020 _a9781402779381 (hbk.)
020 _a1402779380 (hbk.)
020 _a1402779380
040 _aDLC
_cDLC
_dDLC
_dIAD
_dUKMGB
_dAA5
_dYDXCP
_dIK2
_dGPI
_dFER
_dOHRRH
_dCDX
_dZAD
_dVP@
_dBWX
_dDEBBG
_dDLC
043 _an-us---
050 0 0 _aML420.J175
_bV65 2011
082 0 0 _aB
_aB
_222
084 _a9,2
_2ssgn
099 _aJACKSM
100 1 _aVogel, Joseph,
_d1981-
245 1 0 _aMan in the music :
_bthe creative life and work of Michael Jackson /
_cJoseph Vogel.
246 3 0 _aCreative life and work of Michael Jackson
260 _aNew York :
_bSterling,
_cc2011.
300 _axiii, 306 p. :
_bill. (some col.) ;
_c24 cm.
504 _aIncludes bibliographical references (p. 270-294) and index.
505 0 _aOff the wall -- Thriller -- Bad -- Dangerous -- History : past, present, and future, book 1 -- Blood on the dance floor : history in the mix -- Invincible -- The final years -- Michael.
520 _aAnalyzes every song and album of Jackson's solo career, from 1979's groundbreaking "Off the Wall" to his yet-to-be released material, placing the music in its social, historical, and cultural context.
600 1 0 _aJackson, Michael,
_d1958-2009
_xCriticism and interpretation.
650 0 _aPopular music
_zUnited States
_xHistory and criticism.
906 _a7
_bcbc
_corignew
_d1
_eecip
_f20
_gy-gencatlg
925 0 _aacquire
_b2 shelf copies
_xpolicy default
_eclaim1 2012-01-24
955 _evl31 2010-12-06 to Dewey
_wrd03 2010-12-07
_fvk05 2012-02-02 MCIP ver. to Music Division 2 copies
_fvk05 2012-02-02 MCIP ver. to Music Division 2 copies
001 data
999 _c1405
_d1405